000
00320 a2200157 4500
001
168042
020
_a
040
_c
Magnum
100
_a
Saul, Ana Maria
240
1
0
_a
Avaliacao emancipatoria
_l
por
245
1
0
_a
Avaliacao emancipatoria
362
0
_a
1899
440
1
_a
Cortez
697
_a
ENSINO
942
_c
BK
999
_c
168042
_d
168042